000 00323nam a22001457a 4500
005 20161022150657.0
008 161022b xxu||||| |||| 00| 0 eng d
041 _aeng
100 _aVERMA,B.S
_93620
245 _aMINING GROUND
260 _bTUHINS.CO
300 _a882
650 _aMINING ENGINEERING
_93621
942 _cBK
999 _c5279
_d5277